|
|
|
|
| LEADER |
00000nam a22000007a 4500 |
| 005 |
20180504231232.0 |
| 007 |
cr|||| |||| |
| 008 |
180504s2018 es |||||s|||| 00||0 spa d |
| 020 |
|
|
|a 978-84-9148-515-5
|
| 035 |
|
|
|a 21590
|
| 040 |
|
|
|a vLex
|
| 090 |
|
|
|c 7912
|d 7912
|
| 100 |
1 |
|
|a Carmona Salgado, Concepcin̤
|
| 245 |
1 |
0 |
|a Perspectiva multidisciplinar de las diversas modalidades de acoso
|h [Recurso electrn̤ico] /
|c Concepcin̤ Carmona Salgado
|
| 256 |
|
|
|a Servicio en ln̕ea
|
| 260 |
|
|
|a Madrid:
|b Dykinson,
|c 2018
|
| 300 |
|
|
|a 1 recurso electrn̤ico
|
| 506 |
1 |
|
|a Disponible solo en los productos indicados
|d vLex Global
|d vLex Global (Academic Edition, excluding Law Schools)
|d vLex Global (U.S. Academic Edition, Law Schools)
|d vLex Global (U.S. Academic Edition, excluding Law Schools)
|d vLex Global (Academic Edition, Law Schools)
|
| 650 |
0 |
4 |
|a Derecho Penal
|z Espaą
|
| 740 |
0 |
|
|a vLex Libros (Servicio en ln̕ea)
|
| 856 |
4 |
0 |
|u http://vlex.com/source/perspectiva-multidisciplinar-diversas-modalidades-acoso-21590
|z Acceso restringido
|
| 942 |
|
|
|c BOOK
|
| 999 |
0 |
|
|a Criminal law
|